JJK Larp names - Statistics

General Stats
  • This quiz has been taken 175 times
  • The average score is 4 of 14
Answer Stats
Hint Answer % Correct
Ryu Jane Juliet
82%
Megumi Potential Man
73%
Naoya Bubble Pop Electric
67%
Sukuna Evil red Judas
21%
Gojo Good blue Judas
21%
Yuta JJK OC
17%
Hakari Tuka Donca
13%
Higuruma Greedy lawyer
11%
Grasshopper MIT Researcher
9%
Yuji Wonder
9%
Yuki Baa da da da
8%
Choso Blood brother
8%
Kashimo Farmer Guy
7%
Mahito Kind Scholar
5%
No matching quizzes found
Score Distribution
Percent of People with Each Score
Percentile by Number Answered
Your Score History
You have not taken this quiz